Slova : [písňové texty] /

Hlavní autor: Fikejzová, Jiřina, 1927-2020
Další autoři: Šeda, Jaroslav, 1925-1993, Jindrová, Helena
Jazyk: Čeština
Vydáno: Ústí nad Labem : Severočeské nakladatelství, 1987
Vydání: 1. vyd.
Témata:
Fyzický popis: 111 s. : il. ; 21 cm
Knihy
Uloženo v:
LEADER 01096nam a22003012a 4500
001 000150029
003 CZ BrMZK
005 20210316080152.0
007 ta
008 950101s1987 xr a f cze d
015 |a cnb000035939 
020 |q (Váz.) :  |c 15 Kčs 
040 |a ABA001  |b cze  |d ABA001 
080 9 |a 784.3Fikejzová,J.3 
080 9 |a 885.0-14 
100 1 |a Fikejzová, Jiřina,  |d 1927-2020  |7 jk01031114  |4 aut 
245 1 0 |a Slova :  |b [písňové texty] /  |c Jiřina Fikejzová ; [doslov] Jaroslav Šeda ; il. Helena Jindrová ; obálka, vazba a typografie Milan Janáček 
250 |a 1. vyd. 
260 |a Ústí nad Labem :  |b Severočeské nakladatelství,  |c 1987 
300 |a 111 s. :  |b il. ;  |c 21 cm 
500 |a Zdobený tit. dvoulist 
600 1 7 |a Fikejzová, Jiřina,  |d 1927-  |7 jk01031114  |2 czenas 
655 7 |a výbory  |7 fd133853  |2 czenas 
700 1 |a Šeda, Jaroslav,  |d 1925-1993  |7 jk01122649  |4 wfw 
700 1 |a Jindrová, Helena  |4 ill 
910 |a BOA001  |b 1-0925.159 
990 |a BK 
996 6 |b 2619949687  |c 1-0925.159  |l MZK  |r Sklad / do 1 hodiny  |n 3  |w 000150029  |u 000010  |a 1  |e BOA001  |j MZK50  |s P